<?xml version="1.0" encoding="UTF-8"?>
<marc:record xmlns:marc="http://www.loc.gov/MARC21/slim">
   <marc:leader>00000nam a2200000 a 4500</marc:leader>
   <marc:datafield ind1=" " ind2=" " tag="653">
      <marc:subfield code="a">Laufsäge</marc:subfield>
   </marc:datafield>
   <marc:datafield ind1=" " ind2=" " tag="653">
      <marc:subfield code="a">Dekupiersäge</marc:subfield>
   </marc:datafield>
   <marc:datafield ind1=" " ind2=" " tag="653">
      <marc:subfield code="a">Schwibbögen</marc:subfield>
   </marc:datafield>
   <marc:datafield ind1=" " ind2=" " tag="653">
      <marc:subfield code="a">Krippenfiguren selbst sägen</marc:subfield>
   </marc:datafield>
   <marc:datafield ind1=" " ind2=" " tag="653">
      <marc:subfield code="a">Sägearbeiten</marc:subfield>
   </marc:datafield>
   <marc:datafield ind1=" " ind2=" " tag="653">
      <marc:subfield code="a">moderne Sägearbeiten</marc:subfield>
   </marc:datafield>
   <marc:datafield ind1=" " ind2=" " tag="653">
      <marc:subfield code="a">Einlegearbeiten</marc:subfield>
   </marc:datafield>
   <marc:datafield ind1=" " ind2=" " tag="653">
      <marc:subfield code="a">Intarsienarbeiten</marc:subfield>
   </marc:datafield>
   <marc:datafield ind1=" " ind2=" " tag="653">
      <marc:subfield code="a">Ornamente sägen</marc:subfield>
   </marc:datafield>
   <marc:datafield ind1=" " ind2=" " tag="653">
      <marc:subfield code="a">Weihnachtsdekoration basteln</marc:subfield>
   </marc:datafield>
   <marc:datafield ind1=" " ind2=" " tag="653">
      <marc:subfield code="a">Weihnachtsdeko basteln</marc:subfield>
   </marc:datafield>
   <marc:datafield ind1=" " ind2=" " tag="653">
      <marc:subfield code="a">elektrische Säge</marc:subfield>
   </marc:datafield>
   <marc:datafield ind1=" " ind2=" " tag="653">
      <marc:subfield code="a">Holzsägearbeiten</marc:subfield>
   </marc:datafield>
   <marc:datafield ind1=" " ind2=" " tag="653">
      <marc:subfield code="a">Softcover / Ratgeber/Hobby</marc:subfield>
   </marc:datafield>
   <marc:datafield ind1=" " ind2=" " tag="653">
      <marc:subfield code="a">Haus/Kreatives Gestalten</marc:subfield>
   </marc:datafield>
   <marc:datafield ind1="0" ind2="0" tag="245">
      <marc:subfield code="a">Weihnachtsschmuck selbst gesägt</marc:subfield>
   </marc:datafield>
   <marc:datafield ind1="0" ind2="0" tag="245">
      <marc:subfield code="b">Deko-Ideen aus Holz von einfach bis fortgeschritten</marc:subfield>
   </marc:datafield>
   <marc:datafield ind1="0" ind2="0" tag="245">
      <marc:subfield code="c">aus dem amerikan. Engl. übertr. von Claudia Tancsits</marc:subfield>
   </marc:datafield>
   <marc:datafield ind1=" " ind2="1" tag="264">
      <marc:subfield code="a">Graz</marc:subfield>
      <marc:subfield code="b">Stocker</marc:subfield>
   </marc:datafield>
   <marc:datafield ind1="1" ind2=" " tag="520">
      <marc:subfield code="a">Angaben aus der Verlagsmeldung

Weihnachtsschmuck selbst gesägt : Deko-Ideen aus Holz von einfach bis fortgeschritten

Schwibbögen, Krippenfiguren, Baumbehang …

Mit der Laub- oder Feinschnittsäge lässt sich wunderbarer Weihnachts- und Adventschmuck basteln – nicht nur aus Holz, sondern auch aus anderen Materialien.

Schon in der Vorweihnachtszeit beginnt das winterliche Schmücken. Für individuellen Weihnachtszauber leisten die Laubsäge und ihre elektrische Variante, die Feinschnitt- bzw. Dekupiersäge, ausgezeichnete Dienste. Im Buch „Weihnachtsschmuck selbst gesägt“ wird eine Fülle von Holzarbeiten für die Weihnachtszeit vorgestellt. Einfachere Schnittmuster für die Laubsäge befinden sich genauso darunter wie umfangreichere Werkstücke, für die eine elektrische Säge vonnöten ist: Baum-, Fenster- und Türbehang, Tischdekorationen für die festliche Tafel, einfache Lichterbögen oder aufwändige Schwibbögen – nahezu alles ist möglich, sogar Krippenfiguren.
Und so werden heuer in der Vorweihnachtszeit anhand der anschaulichen Schritt-für-Schritt-Anleitungen Engel, Weihnachtsmänner, Christbäume, Rodeln, Schneemänner, Sterne, Fensterrosen und Teelichtleuchter aus dem Holz gesägt. Halt! Nicht nur aus dem Holz, denn auch aus Plexiglas und alten CDs können die schmucken Motive gearbeitet werden. Im Kerzenschein des Lichterbaums entfalten sie dann einen ganz besonderen Glanz.
</marc:subfield>
   </marc:datafield>
   <marc:datafield ind1=" " ind2=" " tag="020">
      <marc:subfield code="a">9783702014926</marc:subfield>
      <marc:subfield code="9">9783702014926</marc:subfield>
   </marc:datafield>
   <marc:datafield ind1=" " ind2=" " tag="041">
      <marc:subfield code="a">ger</marc:subfield>
   </marc:datafield>
   <marc:datafield ind1=" " ind2=" " tag="300">
      <marc:subfield code="a">160 S.</marc:subfield>
   </marc:datafield>
</marc:record>
